[Event "Tashkent (Women) 2nd"]
[Site "Tashkent"]
[Date "2024.03.07"]
[Round "2"]
[White "Norman, Kseniya"]
[Black "Yakubbaeva, Nilufar"]
[Result "1/2-1/2"]
[WhiteElo "1986"]
[BlackElo "2307"]
[PlyCount "62"]
[EventDate "2024.03.06"]
[EventType "swiss"]
[EventRounds "9"]
[EventCountry "UZB"]
[SourceTitle "CB12_2024"]
[SourceDate "2023.10.01"]
[SourceVersion "1"]
[SourceVersionDate "2023.10.01"]
[SourceQuality "1"]

1. e4 c6 2. d4 d5 3. e5 Bf5 4. Nf3 e6 5. Be2 c5 6. Be3 Qb6 7. Nc3 c4 8. Rb1 Bb4 9. 0-0 Bxc3 10. bxc3 Qa6 11. Nh4 Ne7 12. Qd2 h6 13. g4 Bh7 14. f4 h5 15. f5 hxg4 16. fxe6 Qxe6 17. Bg5 Nd7 18. Rf4 f6 19. Bxg4 Qc6 20. Bxd7+ Qxd7 21. exf6 gxf6 22. Rxf6 Be4 23. Nf3 Qg4+ 24. Qg2 Qxg2+ 25. Kxg2 0-0-0 26. h4 Rdf8 27. Rf1 Nf5 28. Rxf8+ Rxf8 29. Kh3 Nxh4 30. Bxh4 Rxf3+ 31. Rxf3 Bxf3 1/2-1/2

[Event "Orsha op-A 22nd"]
[Site "Orsha"]
[Date "2024.01.26"]
[Round "8"]
[White "Gorlov, Artem"]
[Black "Norman, Kseniya"]
[Result "1-0"]
[WhiteElo "2142"]
[BlackElo "1932"]
[PlyCount "55"]
[EventDate "2024.01.22"]
[EventType "swiss"]
[EventRounds "9"]
[EventCountry "BLR"]
[SourceTitle "CB05_2024"]
[SourceDate "2024.01.31"]
[SourceVersion "1"]
[SourceVersionDate "2024.01.31"]
[SourceQuality "1"]

1. d4 Nf6 2. c4 g6 3. Nc3 Bg7 4. e4 d6 5. Nf3 0-0 6. Be2 e5 7. d5 Nbd7 8. Nd2 a5 9. h4 h5 10. Nf3 Nc5 11. Ng5 Ne8 12. Be3 f6 13. Nh3 f5 14. exf5 Bxf5 15. Ng5 Nf6 16. 0-0 Qe7 17. Qd2 e4 18. Nb5 Bg4 19. Rae1 Qd7 20. Bxg4 hxg4 21. Bxc5 dxc5 22. Ne6 Rfc8 23. Nxc5 Qe7 24. Ne6 c6 25. Nc3 cxd5 26. cxd5 Qb4 27. Qg5 Kf7 28. Nf4 1-0

[Event "Orsha op-A 22nd"]
[Site "Orsha"]
[Date "2024.01.25"]
[Round "7"]
[White "Norman, Kseniya"]
[Black "Stupak, Kirill"]
[Result "0-1"]
[WhiteElo "1932"]
[BlackElo "2416"]
[PlyCount "74"]
[EventDate "2024.01.22"]
[EventType "swiss"]
[EventRounds "9"]
[EventCountry "BLR"]
[SourceTitle "CB05_2024"]
[SourceDate "2024.01.31"]
[SourceVersion "1"]
[SourceVersionDate "2024.01.31"]
[SourceQuality "1"]

1. e4 c5 2. Nf3 Nc6 3. Bb5 e6 4. Bxc6 bxc6 5. 0-0 Ne7 6. Nc3 Ng6 7. d3 e5 8. Ne2 Be7 9. Ng3 d6 10. c3 0-0 11. Be3 d5 12. d4 cxd4 13. cxd4 Bg4 14. Rc1 dxe4 15. Nxe4 f5 16. Qb3+ Kh8 17. Neg5 f4 18. Nf7+ Rxf7 19. Qxf7 Bxf3 20. gxf3 fxe3 21. fxe3 Bg5 22. Rce1 exd4 23. exd4 Qxd4+ 24. Kh1 Rf8 25. Re8 Be7 26. Rxf8+ Bxf8 27. b3 a5 28. a4 Qd5 29. Qe8 Kg8 30. Qe4 Bb4 31. Kg2 Kf7 32. Kh1 Qxe4 33. fxe4+ Ke6 34. Kg2 Ne5 35. Rd1 Nd7 36. Kf3 Nc5 37. Rc1 Ke5 0-1

[Event "Orsha op-A 22nd"]
[Site "Orsha"]
[Date "2024.01.23"]
[Round "3"]
[White "Norman, Kseniya"]
[Black "Eidelson, Rakhil"]
[Result "1-0"]
[WhiteElo "1932"]
[BlackElo "1735"]
[PlyCount "83"]
[EventDate "2024.01.22"]
[EventType "swiss"]
[EventRounds "9"]
[EventCountry "BLR"]
[SourceTitle "CB05_2024"]
[SourceDate "2024.01.31"]
[SourceVersion "1"]
[SourceVersionDate "2024.01.31"]
[SourceQuality "1"]

1. e4 c5 2. Nf3 e6 3. d3 Nc6 4. g3 g6 5. Bg2 Bg7 6. 0-0 Nge7 7. c3 d5 8. Nbd2 0-0 9. Re1 b6 10. Nf1 d4 11. c4 e5 12. Nh4 Bd7 13. f4 Qc8 14. Nd2 Bg4 15. Bf3 Bxf3 16. Ndxf3 exf4 17. gxf4 f5 18. e5 Nd8 19. Ng2 Ne6 20. h4 h6 21. Kf2 Nc6 22. Bd2 Qc7 23. Rh1 Rae8 24. Qg1 Kf7 25. Qh2 Rh8 26. Qh3 h5 27. Qg3 Rhg8 28. Rhg1 Bh6 29. Nge1 Ke7 30. Nc2 Kd7 31. Rab1 Kc8 32. a3 a5 33. b4 axb4 34. axb4 cxb4 35. Nxb4 Nxb4 36. Rxb4 Nc5 37. Ke2 Qb7 38. Nxd4 Rd8 39. Bc3 Nxd3 40. Qxd3 Bf8 41. Rb2 Bc5 42. Rd2 1-0

[Event "Orsha op-A 22nd"]
[Site "Orsha"]
[Date "2024.01.23"]
[Round "4"]
[White "Norman, Kseniya"]
[Black "Zarubitski, Viachaslau"]
[Result "0-1"]
[WhiteElo "1932"]
[BlackElo "2421"]
[PlyCount "152"]
[EventDate "2024.01.22"]
[EventType "swiss"]
[EventRounds "9"]
[EventCountry "BLR"]
[SourceTitle "CB05_2024"]
[SourceDate "2024.01.31"]
[SourceVersion "1"]
[SourceVersionDate "2024.01.31"]
[SourceQuality "1"]

1. e4 c5 2. Nf3 Nc6 3. Bb5 g6 4. 0-0 Bg7 5. Re1 e5 6. Bxc6 dxc6 7. d3 Qe7 8. Nbd2 Nh6 9. a3 f6 10. b4 Nf7 11. bxc5 Qxc5 12. a4 Be6 13. Ba3 Qa5 14. Nb3 Bxb3 15. cxb3 Bf8 16. Qc1 Rd8 17. Qc4 Bxa3 18. Rxa3 Ng5 19. Kf1 Qc7 20. Nxg5 fxg5 21. b4 Rd4 22. Qb3 Qd6 23. b5 c5 24. Rc1 Ke7 25. Rc4 Rf8 26. Rxd4 Qxd4 27. Ra2 Rd8 28. Ke2 Rf8 29. Kf1 Rd8 30. Ke2 Qd7 31. Qc3 Qg4+ 32. Ke1 Kd6 33. Qa5 Ra8 34. Rc2 b6 35. Qa6 Qc8 36. Qxc8 Rxc8 37. Rc4 a6 38. bxa6 Ra8 39. Ke2 g4 40. f3 gxf3+ 41. Kxf3 Rxa6 42. Kg4 h6 43. h4 Ke6 44. h5 g5 45. Kf3 Ra8 46. Kg3 Kd6 47. Kg4 Ke6 48. Kg3 Ra7 49. Kg4 Kf6 50. Kf3 Ke7 51. Kg4 Ke6 52. Kg3 Rd7 53. Rc3 Rd4 54. a5 bxa5 55. Rxc5 Rxd3+ 56. Kg4 Rd4 57. Kf3 a4 58. Ra5 g4+ 59. Ke3 Kf6 60. Ra6+ Kg5 61. Ra5 Kf6 62. Ra6+ Kg5 63. Ra5 Kh4 64. Rxe5 Rb4 65. Kf4 Rb2 66. Ra5 Rxg2 67. Rxa4 Rf2+ 68. Ke3 g3 69. e5+ Kh3 70. e6 Rf6 71. e7 g2 72. e8Q g1Q+ 73. Kd3 Rd6+ 74. Kc3 Qc1+ 75. Kb3 Rb6+ 76. Rb4 Qb1+ 0-1

[Event "BLR-ch (Women) 80th"]
[Site "Minsk"]
[Date "2024.01.14"]
[Round "5"]
[White "Norman, Kseniya"]
[Black "Bendik, Margarita"]
[Result "1/2-1/2"]
[WhiteElo "1932"]
[BlackElo "1616"]
[PlyCount "67"]
[EventDate "2024.01.10"]
[EventType "tourn"]
[EventRounds "9"]
[EventCountry "BLR"]
[SourceTitle "CB04_2024"]
[SourceDate "2023.10.16"]
[SourceVersion "1"]
[SourceVersionDate "2023.10.16"]
[SourceQuality "1"]

1. e4 c6 2. d4 d5 3. e5 c5 4. dxc5 e6 5. a3 Bxc5 6. Nf3 a6 7. b4 Ba7 8. Bd3 Ne7 9. 0-0 Ng6 10. Bb2 Nf4 11. Nbd2 Bd7 12. g3 Nxd3 13. cxd3 0-0 14. Qe2 Nc6 15. Nb3 Rc8 16. Rac1 Ne7 17. Rxc8 Qxc8 18. Rc1 Qb8 19. Qd2 Rc8 20. Qg5 Rxc1+ 21. Bxc1 Ng6 22. d4 Ba4 23. Nc5 Bxc5 24. bxc5 b6 25. h4 Bd1 26. Kg2 bxc5 27. h5 Qb1 28. hxg6 Bxf3+ 29. Kh2 hxg6 30. dxc5 Qc2 31. Qd8+ Kh7 32. Qh4+ Kg8 33. Qd8+ Kh7 34. Qh4+ 1/2-1/2

[Event "BLR-ch (Women) 80th"]
[Site "Minsk"]
[Date "2024.01.12"]
[Round "3"]
[White "Norman, Kseniya"]
[Black "Liavonava, Yuliya"]
[Result "1-0"]
[WhiteElo "1932"]
[BlackElo "1878"]
[PlyCount "99"]
[EventDate "2024.01.10"]
[EventType "tourn"]
[EventRounds "9"]
[EventCountry "BLR"]
[SourceTitle "CB04_2024"]
[SourceDate "2023.10.16"]
[SourceVersion "1"]
[SourceVersionDate "2023.10.16"]
[SourceQuality "1"]

1. e4 c5 2. Nf3 d6 3. Bb5+ Nd7 4. d4 cxd4 5. Qxd4 e5 6. Qd3 a6 7. Bxd7+ Bxd7 8. c4 b5 9. Nc3 bxc4 10. Qxc4 Be6 11. Qc6+ Bd7 12. Qc4 Be6 13. Qd3 h6 14. 0-0 Nf6 15. Rd1 Be7 16. Ne1 0-0 17. Nc2 Qb6 18. Ne3 Rfc8 19. b3 Qb7 20. Bb2 a5 21. Rab1 Ra6 22. h3 Rb6 23. f3 h5 24. Kh2 h4 25. Qd2 Rb4 26. Qe1 Rd8 27. Ncd5 Nxd5 28. exd5 Bd7 29. Bc3 Rf4 30. Bxa5 Ra8 31. Nc4 Bb5 32. Nb6 Re8 33. a4 Bd8 34. Qe3 Bd7 35. Nc4 Bxa5 36. Nxa5 Qa6 37. Nc4 Rb8 38. Nd2 Rfb4 39. Rbc1 Qb7 40. Ne4 Rxb3 41. Qg5 Bxa4 42. Nxd6 Qa6 43. Qxe5 Rb2 44. Rd4 Bd7 45. Qe7 Rf8 46. Nc4 Rb7 47. Qxh4 Bf5 48. Qf4 Bg6 49. d6 Rd8 50. Ne5 1-0

[Event "Minsk op"]
[Site "Minsk"]
[Date "2023.11.08"]
[Round "6"]
[White "Smirnov, Valerij"]
[Black "Norman, Kseniya"]
[Result "1-0"]
[WhiteElo "2255"]
[BlackElo "1912"]
[PlyCount "51"]
[EventDate "2023.11.03"]
[EventType "swiss"]
[EventRounds "9"]
[EventCountry "BLR"]
[SourceTitle "CB46_2023"]
[SourceDate "2023.11.15"]
[SourceVersion "1"]
[SourceVersionDate "2023.11.15"]
[SourceQuality "1"]

1. Nf3 g6 2. g3 Bg7 3. Bg2 e5 4. d3 Ne7 5. c4 0-0 6. 0-0 d6 7. Nc3 Nd7 8. e4 f5 9. exf5 Nxf5 10. Bg5 Bf6 11. Bxf6 Nxf6 12. Qd2 c6 13. Rfe1 Qb6 14. Ne4 Nxe4 15. dxe4 Nd4 16. Nxd4 exd4 17. e5 dxe5 18. Rxe5 Bf5 19. c5 Qd8 20. Rae1 d3 21. h3 h5 22. Be4 Bxe4 23. R1xe4 b6 24. Re7 Rf7 25. Qg5 Kg7 26. R4e6 1-0

[Event "RUS-chT Rapid (Women)"]
[Site "Sochi"]
[Date "2023.10.18"]
[Round "1.8"]
[White "Norman, Kseniya"]
[Black "Kirdyashkina, Ekaterina"]
[Result "0-1"]
[WhiteElo "1912"]
[BlackElo "1882"]
[PlyCount "66"]
[EventDate "2023.10.18"]
[EventType "team-swiss (rapid)"]
[EventRounds "9"]
[EventCountry "RUS"]
[SourceTitle "Mega2024 Update 01"]
[Source "Chessbase"]
[SourceDate "2023.11.12"]
[SourceVersion "1"]
[SourceVersionDate "2023.11.12"]
[SourceQuality "1"]
[WhiteTeam "Belarus (W)"]
[BlackTeam "Rostov Nastavnik (W)"]
[WhiteTeamCountry "BLR"]
[BlackTeamCountry "RUS"]

1. e4 e5 2. Nf3 Nc6 3. Bb5 a6 4. Ba4 Bc5 5. 0-0 Nge7 6. c3 Ng6 7. d4 Ba7 8. Bg5 f6 9. Be3 0-0 10. Nbd2 Kh8 11. Bc2 d6 12. d5 Bxe3 13. fxe3 Nce7 14. c4 f5 15. Qe2 f4 16. b4 Ng8 17. c5 Nf6 18. Nc4 Bg4 19. h3 Bh5 20. exf4 Nxf4 21. Qe3 Qe7 22. Rac1 g5 23. Nxg5 N6xd5 24. exd5 Qxg5 25. Qe4 Nxh3+ 26. Kh2 Bg6 27. Qe3 Nf4 28. Rf2 Qh4+ 29. Kg1 Nxd5 30. Qe2 Rxf2 31. Qxf2 Qxc4 32. cxd6 cxd6 33. Qd2 Rc8 0-1

[Event "RUS-chT Blitz (Women)"]
[Site "Sochi"]
[Date "2023.10.17"]
[Round "3.7"]
[White "Dunaevskaya, Alisa"]
[Black "Norman, Kseniya"]
[Result "0-1"]
[WhiteElo "1483"]
[BlackElo "1912"]
[PlyCount "71"]
[EventDate "2023.10.17"]
[EventType "team-tourn (blitz)"]
[EventRounds "13"]
[EventCountry "RUS"]
[SourceTitle "Mega2024 Update 01"]
[Source "Chessbase"]
[SourceDate "2023.11.12"]
[SourceVersion "1"]
[SourceVersionDate "2023.11.12"]
[SourceQuality "1"]
[WhiteTeam "Krasnodar Etyud Saavedry (W)"]
[BlackTeam "Belarus (W)"]
[WhiteTeamCountry "RUS"]
[BlackTeamCountry "BLR"]

1. d4 Nf6 2. c4 g6 3. Nf3 Bg7 4. Nc3 d6 5. g3 0-0 6. Bg2 Nbd7 7. 0-0 e5 8. e4 exd4 9. Nxd4 Re8 10. Re1 Nc5 11. f4 Bg4 12. Qd2 Qc8 13. b4 Ne6 14. Bb2 Nxd4 15. Qxd4 Nh5 16. Qd3 Bh3 17. Bf3 Bg4 18. Bg2 Qe6 19. Rab1 Rad8 20. Nd5 Rd7 21. Bxg7 Kxg7 22. Ne3 Nf6 23. Qc3 Kg8 24. Nxg4 Nxg4 25. Bh3 h5 26. Qf3 Rde7 27. c5 d5 28. e5 c6 29. a4 Qf5 30. Bg2 Nf6 31. b5 Ne4 32. bxc6 Nd2 33. Qxd5 Nxb1 34. cxb7 Nc3 35. Qd2 Nxa4 36. Qb4 0-1

[Event "RUS-chT Blitz (Women)"]
[Site "Sochi"]
[Date "2023.10.17"]
[Round "5.11"]
[White "Vasilevich, Tatjana"]
[Black "Norman, Kseniya"]
[Result "0-1"]
[WhiteElo "2302"]
[BlackElo "1912"]
[PlyCount "102"]
[EventDate "2023.10.17"]
[EventType "team-tourn (blitz)"]
[EventRounds "13"]
[EventCountry "RUS"]
[SourceTitle "Mega2024 Update 01"]
[Source "Chessbase"]
[SourceDate "2023.11.12"]
[SourceVersion "1"]
[SourceVersionDate "2023.11.12"]
[SourceQuality "1"]
[WhiteTeam "Krym Kimmeriya (W)"]
[BlackTeam "Belarus (W)"]
[WhiteTeamCountry "RUS"]
[BlackTeamCountry "BLR"]

1. d4 Nf6 2. c4 g6 3. Nc3 Bg7 4. e4 d6 5. Nge2 0-0 6. Ng3 e5 7. d5 a5 8. Bd3 Nbd7 9. 0-0 Nc5 10. Bc2 Bd7 11. b3 Ne8 12. Nge2 f5 13. exf5 gxf5 14. f4 e4 15. Be3 b6 16. Bd4 Qh4 17. Qd2 Nf6 18. Nd1 Kf7 19. Ne3 Rg8 20. Ng3 Ng4 21. Nxg4 Bxd4+ 22. Qxd4 Rxg4 23. Bd1 h5 24. a3 Rag8 25. b4 Nd3 26. bxa5 bxa5 27. Rb1 Rxf4 28. Bxh5+ Ke7 29. Be2 Rxf1+ 30. Nxf1 Nf4 31. Ng3 Rxg3 32. hxg3 Nxe2+ 33. Kf2 Nxd4 34. gxh4 f4 35. g3 e3+ 36. Kf1 f3 37. Rb2 e2+ 38. Kf2 Bf5 39. Rd2 Nc2 40. Rxe2+ fxe2 41. Kxe2 Kf6 42. Kf3 Kg6 43. Kf4 Nd4 44. g4 Bc2 45. Ke3 Nb3 46. Kf4 Nc5 47. Ke3 Bd1 48. Kf4 Nd3+ 49. Kg3 Ne5 50. g5 Nxc4 51. Kf4 Nxa3 0-1

[Event "Wch U16 Girls blitz"]
[Site "Batumi"]
[Date "2023.06.11"]
[Round "11"]
[White "Guo, Ella"]
[Black "Norman, Kseniya"]
[Result "0-1"]
[WhiteElo "1505"]
[BlackElo "1840"]
[PlyCount "122"]
[EventDate "2023.06.10"]
[EventType "swiss (blitz)"]
[EventRounds "11"]
[EventCountry "GEO"]
[SourceTitle "EXT 2024"]
[Source "ChessBase"]
[SourceDate "2023.10.10"]
[SourceVersion "1"]
[SourceVersionDate "2023.10.10"]
[SourceQuality "1"]
[WhiteTeam "United States"]
[BlackTeam "FIDE"]
[WhiteTeamCountry "USA"]

1. e4 g6 2. d4 Bg7 3. Nf3 d6 4. c4 Nd7 5. Nc3 c6 6. Be2 e5 7. d5 c5 8. a3 Ne7 9. b4 b6 10. Bb2 0-0 11. Qd2 f5 12. 0-0 Nf6 13. Bd3 f4 14. bxc5 bxc5 15. Rfe1 h6 16. Be2 g5 17. Bf1 Ng6 18. h3 Nh5 19. Nh2 Nf6 20. Be2 Kf7 21. Qd1 Rh8 22. Ng4 Bxg4 23. Bxg4 h5 24. Bf5 g4 25. Bxg6+ Kxg6 26. h4 Nd7 27. g3 f3 28. Bc1 Bf6 29. Be3 Nb6 30. Qd3 Kf7 31. a4 Rg8 32. Qf1 Ke8 33. a5 Nd7 34. Nb5 Nf8 35. Bh6 a6 36. Nc3 Bxh4 37. gxh4 Qxh4 38. Bxf8 Kxf8 39. Ne2 fxe2 40. Rxe2 Ke7 41. Qg2 g3 42. f3 Qg5 43. Rb1 Ra7 44. Qh3 Qf6 45. Rb3 h4 46. Rg2 Rd8 47. Rgb2 Rdd7 48. Rb8 Qh6 49. Kf1 Qf6 50. Kg1 Kf7 51. Kf1 Qxf3+ 52. Ke1 Qe3+ 53. Kf1 Qf4+ 54. Kg1 Kg7 55. Qe6 Rf7 56. Qh3 Qe3+ 57. Kh1 Qxe4+ 58. Kg1 Qe3+ 59. Kh1 Qf3+ 60. Kg1 Qd1+ 61. Kg2 Qf1# 0-1

[Event "Wch U16 Girls blitz"]
[Site "Batumi"]
[Date "2023.06.10"]
[Round "4"]
[White "Seemann, Pola"]
[Black "Norman, Kseniya"]
[Result "0-1"]
[WhiteElo "1687"]
[BlackElo "1840"]
[PlyCount "72"]
[EventDate "2023.06.10"]
[EventType "swiss (blitz)"]
[EventRounds "11"]
[EventCountry "GEO"]
[SourceTitle "EXT 2024"]
[Source "ChessBase"]
[SourceDate "2023.10.10"]
[SourceVersion "1"]
[SourceVersionDate "2023.10.10"]
[SourceQuality "1"]
[WhiteTeam "Poland"]
[BlackTeam "FIDE"]
[WhiteTeamCountry "POL"]

1. e4 g6 2. d4 Bg7 3. Nc3 d6 4. f4 a6 5. Nf3 Nd7 6. Bd3 c5 7. Be3 b5 8. a3 Bb7 9. 0-0 cxd4 10. Nxd4 Ngf6 11. Qd2 Ng4 12. Nce2 Nc5 13. Rac1 Bxe4 14. Bxe4 Nxe4 15. Qd3 Nc5 16. Qd2 0-0 17. h3 Nxe3 18. Qxe3 e5 19. Nf3 exf4 20. Nxf4 Bxb2 21. Rcd1 Re8 22. Qf2 Ne4 23. Qe1 Nc3 24. Qd2 Nxd1 25. Rxd1 Rc8 26. Nd5 Bg7 27. Nd4 Rc4 28. c3 Re5 29. Nb4 Qc8 30. Rc1 Rec5 31. Nb3 Rxc3 32. Nxc5 Qxc5+ 33. Kh2 Be5+ 34. g3 Rxc1 35. Qg2 Rc3 36. Nxa6 Qxa3 0-1

[Event "Wch U16 Girls blitz"]
[Site "Batumi"]
[Date "2023.06.10"]
[Round "6"]
[White "Volchkova, Alena"]
[Black "Norman, Kseniya"]
[Result "1-0"]
[WhiteElo "1969"]
[BlackElo "1840"]
[PlyCount "65"]
[EventDate "2023.06.10"]
[EventType "swiss (blitz)"]
[EventRounds "11"]
[EventCountry "GEO"]
[SourceTitle "EXT 2024"]
[Source "ChessBase"]
[SourceDate "2023.10.10"]
[SourceVersion "1"]
[SourceVersionDate "2023.10.10"]
[SourceQuality "1"]
[WhiteTeam "Russia"]
[BlackTeam "FIDE"]
[WhiteTeamCountry "RUS"]

1. e4 g6 2. d4 Bg7 3. Nc3 d6 4. Nf3 a6 5. Be3 Nd7 6. Qd2 b5 7. Bd3 Bb7 8. 0-0 c5 9. d5 Ngf6 10. a3 0-0 11. Bh6 e6 12. Bxg7 Kxg7 13. dxe6 fxe6 14. Rfe1 Nh5 15. Bf1 Nb6 16. Rad1 d5 17. exd5 exd5 18. Qg5 Rf7 19. Re6 Nf6 20. Ne5 Rf8 21. Nc6 Bxc6 22. Rxc6 Rc8 23. Re6 d4 24. Ne2 Nbd5 25. Ng3 Kh8 26. Rde1 c4 27. Qe5 Nc7 28. Rd6 Qe8 29. Rxf6 Qxe5 30. Rxf8+ Rxf8 31. Rxe5 Rd8 32. Ne4 Kg7 33. Re7+ 1-0

[Event "Wch U16 Girls rapid"]
[Site "Batumi"]
[Date "2023.06.08"]
[Round "9"]
[White "Amulya, Guruprasad"]
[Black "Norman, Kseniya"]
[Result "0-1"]
[WhiteElo "1437"]
[BlackElo "1989"]
[PlyCount "62"]
[EventDate "2023.06.06"]
[EventType "swiss (rapid)"]
[EventRounds "11"]
[EventCountry "GEO"]
[SourceTitle "EXT 2024"]
[Source "ChessBase"]
[SourceDate "2023.10.10"]
[SourceVersion "1"]
[SourceVersionDate "2023.10.10"]
[SourceQuality "1"]
[WhiteTeam "Indien"]
[BlackTeam "FIDE"]
[WhiteTeamCountry "IND"]

1. e4 g6 2. d4 Bg7 3. Nc3 d6 4. Be3 a6 5. Qd2 Nd7 6. 0-0-0 b5 7. a3 Bb7 8. f3 c5 9. g4 Rc8 10. Kb1 h5 11. dxc5 Nxc5 12. gxh5 Rxh5 13. Bh3 Nd7 14. Nce2 Ngf6 15. Nf4 Rh8 16. Bg2 Ne5 17. Qf2 Nc4 18. Bc1 Qa5 19. Nd3 Nd7 20. Ne2 Qb6 21. Qg3 Qc7 22. c3 a5 23. f4 Nc5 24. Nxc5 Qxc5 25. f5 Be5 26. Qf3 gxf5 27. Qxf5 b4 28. cxb4 axb4 29. a4 Na3+ 30. Ka1 Qc2 31. Nd4 Qb1# 0-1

[Event "Wch U16 Girls rapid"]
[Site "Batumi"]
[Date "2023.06.08"]
[Round "11"]
[White "Aslibekyan, Narine"]
[Black "Norman, Kseniya"]
[Result "0-1"]
[WhiteElo "1313"]
[BlackElo "1989"]
[PlyCount "80"]
[EventDate "2023.06.06"]
[EventType "swiss (rapid)"]
[EventRounds "11"]
[EventCountry "GEO"]
[SourceTitle "EXT 2024"]
[Source "ChessBase"]
[SourceDate "2023.10.10"]
[SourceVersion "1"]
[SourceVersionDate "2023.10.10"]
[SourceQuality "1"]
[WhiteTeam "Armenia"]
[BlackTeam "FIDE"]
[WhiteTeamCountry "ARM"]

1. d4 Nf6 2. c4 g6 3. Nc3 Bg7 4. e4 d6 5. Nf3 0-0 6. h3 Nbd7 7. g4 c6 8. Be3 a6 9. Qd2 b5 10. a3 Bb7 11. Bh6 Qc7 12. Bxg7 Kxg7 13. Be2 bxc4 14. Bxc4 d5 15. Bd3 c5 16. exd5 Nxd5 17. Nxd5 Bxd5 18. Be2 Qb7 19. dxc5 Ne5 20. Nxe5 Bxh1 21. Qc3 f6 22. c6 Qc7 23. Nd7 Rfc8 24. Qe3 Re8 25. f3 Qxc6 26. Nc5 e5 27. Kf2 Rab8 28. b4 e4 29. Rxh1 exf3 30. Qxf3 Qd6 31. Rd1 Qh2+ 32. Kf1 Re7 33. Nxa6 Rbe8 34. Rd2 Re3 35. Rd7+ Kh6 36. g5+ fxg5 37. Rxh7+ Kxh7 38. Qf7+ Kh6 39. Qf2 Qxf2+ 40. Kxf2 Rxe2+ 0-1

[Event "Wch U16 Girls rapid"]
[Site "Batumi"]
[Date "2023.06.06"]
[Round "1"]
[White "Shohradova, Leyla"]
[Black "Norman, Kseniya"]
[Result "0-1"]
[WhiteElo "1440"]
[BlackElo "1989"]
[PlyCount "76"]
[EventDate "2023.06.06"]
[EventType "swiss (rapid)"]
[EventRounds "11"]
[EventCountry "GEO"]
[SourceTitle "EXT 2024"]
[Source "ChessBase"]
[SourceDate "2023.10.10"]
[SourceVersion "1"]
[SourceVersionDate "2023.10.10"]
[SourceQuality "1"]
[WhiteTeam "Turkmenistan"]
[BlackTeam "FIDE"]
[WhiteTeamCountry "TKM"]

1. d4 Nf6 2. c4 g6 3. Nf3 Bg7 4. g3 0-0 5. Bg2 d6 6. 0-0 Nbd7 7. Nc3 e5 8. d5 a5 9. e4 Nc5 10. Qc2 Ne8 11. Ne1 f5 12. Nd3 Nxe4 13. Nxe4 fxe4 14. Bxe4 Bh3 15. Bg2 Bf5 16. Qe2 Nf6 17. f3 Qe7 18. Nf2 Rad8 19. Bd2 a4 20. Bc3 Kh8 21. f4 Rde8 22. Rae1 e4 23. g4 Bd7 24. Bxf6 Qxf6 25. Nxe4 Qxb2 26. h3 b5 27. Qxb2 Bxb2 28. cxb5 Bxb5 29. Rf3 Bc4 30. Kh1 a3 31. Rf2 Bxa2 32. Rd1 Bb3 33. Rdf1 Bd4 34. Rd2 Bg7 35. Rd3 Bc4 36. Rdd1 Bxf1 37. Rxf1 a2 38. Nd2 a1Q 0-1

[Event "BLR-ch U20 Girls"]
[Site "Minsk"]
[Date "2023.04.12"]
[Round "3"]
[White "Norman, Kseniya"]
[Black "Venskaya, Nika"]
[Result "1-0"]
[WhiteElo "1930"]
[BlackElo "1635"]
[PlyCount "43"]
[EventDate "2023.04.12"]
[EventType "tourn"]
[EventRounds "9"]
[EventCountry "BLR"]
[SourceTitle "EXT 2024"]
[Source "ChessBase"]
[SourceDate "2023.10.10"]
[SourceVersion "1"]
[SourceVersionDate "2023.10.10"]
[SourceQuality "1"]

1. e4 d6 2. d4 Nf6 3. Nc3 g6 4. Nf3 c6 5. Be2 Qc7 6. Bf4 Nh5 7. Be3 Nd7 8. Qd2 e5 9. dxe5 dxe5 10. 0-0-0 Nhf6 11. Bg5 Be7 12. Kb1 Rb8 13. Bh6 b5 14. Ng5 Ng8 15. Bg7 Bxg5 16. Qxg5 h6 17. Rxd7 Bxd7 18. Qxe5+ Qxe5 19. Bxe5 Rb7 20. Bxh8 f6 21. e5 f5 22. Bf3 1-0

[Event "Orsha op-A 21st"]
[Site "Orsha"]
[Date "2023.01.23"]
[Round "7"]
[White "Norman, Kseniya"]
[Black "Shinkarev, Artem"]
[Result "1-0"]
[WhiteElo "2005"]
[BlackElo "1908"]
[PlyCount "75"]
[EventDate "2023.01.19"]
[EventType "swiss"]
[EventRounds "9"]
[EventCountry "BLR"]
[SourceTitle "CBM 212 Extra"]
[Source "ChessBase"]
[SourceDate "2023.03.31"]
[SourceVersion "1"]
[SourceVersionDate "2023.03.31"]
[SourceQuality "1"]

1. e4 e6 2. d3 d5 3. Nd2 Nf6 4. Ngf3 c5 5. g3 g6 6. Bg2 Bg7 7. 0-0 0-0 8. Re1 Nc6 9. c3 a5 10. a4 b6 11. e5 Nd7 12. d4 cxd4 13. cxd4 Nb4 14. Nf1 Ba6 15. Ra3 Rc8 16. Bg5 Qc7 17. Ne3 Nc2 18. Rc3 Nxe3 19. fxe3 Qb7 20. e4 Qa8 21. exd5 Qxd5 22. Be7 Rfe8 23. Ng5 Qa2 24. Rxc8 Bxc8 25. Ba3 f5 26. d5 Nc5 27. dxe6 Ne4 28. Rxe4 fxe4 29. Bxe4 Qc4 30. Bd5 Qc7 31. e7+ Kh8 32. Nf7+ Kg8 33. Nd6+ Kh8 34. Nxe8 Qxe5 35. Nd6 Qe3+ 36. Kh1 Bg4 37. Nf7+ Kg8 38. Ne5+ 1-0

[Event "BLR-ch (Women)"]
[Site "Minsk"]
[Date "2023.01.15"]
[Round "7"]
[White "Shahazizyan, Milena"]
[Black "Norman, Kseniya"]
[Result "0-1"]
[WhiteElo "1494"]
[BlackElo "2005"]
[PlyCount "84"]
[EventDate "2023.01.09"]
[EventType "tourn"]
[EventRounds "9"]
[EventCountry "BLR"]
[SourceTitle "CBM 212 Extra"]
[Source "ChessBase"]
[SourceDate "2023.03.31"]
[SourceVersion "1"]
[SourceVersionDate "2023.03.31"]
[SourceQuality "1"]

1. d4 g6 2. c4 Bg7 3. Nc3 c5 4. d5 Bxc3+ 5. bxc3 f5 6. e4 fxe4 7. f3 e5 8. Qc2 e3 9. Bxe3 d6 10. Bd3 Nd7 11. Nh3 Ndf6 12. Ng5 Ne7 13. Rb1 Qc7 14. 0-0 0-0 15. f4 Nf5 16. Bd2 Kg7 17. Rbe1 h6 18. fxe5 dxe5 19. Ne4 Nxe4 20. Rxe4 Bd7 21. Rfe1 Rae8 22. Qd1 Rf7 23. Qe2 Rfe7 24. Qf2 Nd6 25. Qh4 Nf5 26. Qf2 Nd6 27. Qh4 Nf7 28. Rf1 Bf5 29. Re3 e4 30. Be2 Nd6 31. g4 g5 32. Qg3 Bg6 33. Kh1 Nf7 34. Qf2 Qe5 35. h3 Nd6 36. h4 Rf7 37. Qe1 Rxf1+ 38. Bxf1 Rf8 39. h5 Bh7 40. Bg2 Nxc4 41. Re2 Qxd5 42. Bc1 Qd3 0-1

[Event "BLR-ch (Women)"]
[Site "Minsk"]
[Date "2023.01.14"]
[Round "6"]
[White "Norman, Kseniya"]
[Black "Tarasenka, Aliaksandra"]
[Result "1-0"]
[WhiteElo "2005"]
[BlackElo "2064"]
[PlyCount "81"]
[EventDate "2023.01.09"]
[EventType "tourn"]
[EventRounds "9"]
[EventCountry "BLR"]
[SourceTitle "CBM 212 Extra"]
[Source "ChessBase"]
[SourceDate "2023.03.31"]
[SourceVersion "1"]
[SourceVersionDate "2023.03.31"]
[SourceQuality "1"]

1. Nf3 d5 2. g3 c5 3. Bg2 Nc6 4. 0-0 g6 5. d3 Bg7 6. e4 e6 7. c3 Nge7 8. Nbd2 0-0 9. Re1 a5 10. a4 b6 11. Nf1 Ba6 12. e5 Qd7 13. Bf4 Rae8 14. Qd2 f6 15. exf6 Bxf6 16. g4 Bg7 17. Bg3 Bb7 18. h3 Nc8 19. Re2 Nd6 20. Rae1 Nf7 21. N1h2 h6 22. Nh4 Kh7 23. Qc2 e5 24. Qb3 e4 25. dxe4 d4 26. Rd2 Qd8 27. f4 g5 28. fxg5 Nxg5 29. Nf5 Be5 30. Bxe5 Nxe5 31. cxd4 c4 32. Qc3 Nd3 33. d5 Rxf5 34. Rxd3 Rfe5 35. Rde3 Nf7 36. Nf3 R5e7 37. Qxc4 Bxd5 38. Qc2 Bb7 39. e5+ Kg7 40. e6 Nd6 41. Nh4 1-0